รายงานความก้าวหน้าการดำเนินงานตามมติสมัชชาปฏิรูประดับชาติ ครั้งที่ 1 พ.ศ.2554 และครั้งที่ 2 พ.ศ.2555 / (ระเบียนเลขที่ 72467)
| 000 -LEADER | |
|---|---|
| fixed length control field | 00990nam a22001937a 4500 |
| 003 - CONTROL NUMBER IDENTIFIER | |
| control field | NALT |
| 005 - DATE AND TIME OF LATEST TRANSACTION | |
| control field | 20230818155055.0 |
| 008 - FIXED-LENGTH DATA ELEMENTS--GENERAL INFORMATION | |
| fixed length control field | s2555 th tha d |
| 040 ## - CATALOGING SOURCE | |
| Original cataloging agency | NALT |
| 041 ## - LANGUAGE CODE | |
| Language code of text/sound track or separate title | tha |
| 050 ## - LIBRARY OF CONGRESS CALL NUMBER | |
| Classification number | JQ 1745.A6 |
| Item number | ส291ร 2555 |
| 245 00 - TITLE STATEMENT | |
| Title | รายงานความก้าวหน้าการดำเนินงานตามมติสมัชชาปฏิรูประดับชาติ ครั้งที่ 1 พ.ศ.2554 และครั้งที่ 2 พ.ศ.2555 / |
| Statement of responsibility, etc. | ชูชัย ศุภวงศ์, บรรณาธิการ. |
| 260 ## - PUBLICATION, DISTRIBUTION, ETC. | |
| Place of publication, distribution, etc. | นนทบุรี : |
| Name of publisher, distributor, etc. | สำนักงานปฏิรูป (สปร.), |
| Date of publication, distribution, etc. | 2555. |
| 300 ## - PHYSICAL DESCRIPTION | |
| Extent | 216 หน้า : |
| Other physical details | ภาพประกอบ, แผนภูมิ ; |
| Dimensions | 26 ซม. |
| 650 #4 - SUBJECT ADDED ENTRY--TOPICAL TERM | |
| Topical term or geographic name entry element | การปฏิรูปการเมือง |
| Geographic subdivision | ไทย |
| 9 (RLIN) | 9510 |
| 700 0# - ADDED ENTRY--PERSONAL NAME | |
| 9 (RLIN) | 31893 |
| Personal name | ชูชัย ศุภวงศ์ |
| 850 ## - HOLDING INSTITUTION | |
| Holding institution | NALT |
| 942 ## - ADDED ENTRY ELEMENTS (KOHA) | |
| Koha item type | General Book |
| Source of classification or shelving scheme | Library of Congress Classification |
| 998 ## - STAFF NAME (NALT) | |
| -- | 104 |
| -- | นางสาวสายฝน ดีงาม |
| Withdrawn status | Lost status | Source of classification or shelving scheme | Damaged status | Not for loan | Collection code | Home library | Current library | Source of acquisition | Total Checkouts | Total Renewals | Full call number | Barcode | Date last seen | Date last checked out | Price effective from | Koha item type |
|---|---|---|---|---|---|---|---|---|---|---|---|---|---|---|---|---|
| Library of Congress Classification | General Book collection | National Assembly Library of Thailand | National Assembly Library of Thailand | บริจาค | 2 | 1 | JQ 1745.A6 ส291ร 2555 | 3961198872 | 02/08/2017 | 27/07/2017 | 09/06/2017 | General Book |
